000 00277nam a2200097Ia 4500
001 685004
005 20250826161509.0
008 250824s9999 xx 000 0 und d
245 0 _aŞIK - TUTUŞMUŞ GÖNÜLLER/H.R.GÜRPINAR/EVEREST
_cHÜSEYİN RAHMİ GÜRPINAR
260 _bEVEREST
999 _c685004
_d685004